000 01688nam a22002897a 4500
001 9274
003 FISKH
005 20251209082315.0
008 251209b cb ||||| |||| 00| 0 eng d
040 _aFISKH
_bkhr
_cFISKH
_dFISKH
050 _aPZ7
082 _a510.71
100 _aArnaron, Kim
245 _aកំពូលវិសាល /
_cនិពន្ធដោយ គឹម អាន អរុណ , គូររូបដោយ សេង​វិសាល​
260 _aភ្នំពេញ :
300 _a37 pages :
_bcolor illustrations ;
_c24 cm .
505 _aP
520 _a វិសាល កំពូលដៃភ្លើងជើងមាន់ សម្បូរគំនិតប្លែកៗ។ តែគេក៏ត្រូវយាយស្ដីឳ្យគ្មានលោះថ្ងៃដែរ ព្រោះបំណងល្អរបស់គេតែងធ្វើឳ្យយាយឈឺក្បាលជានិច្ច។ ដើម្បីឳ្យយាយស្រលាញ់វិសាលបានបត់សត្វក្រៀលធ្វើជាកាំជ្រួចអោយយាយ។
520 _a Visal is the all thumb child who full of strange ideas. His grandmother always blame him, because his good intentions always give her a headache. To get a love from her, Visal turned the crane paper into a fireworks.
521 8 _a650
_bLexile
521 8 _aP
_bRaz-Plus
650 _aកំពូលវិសាល
_vរឿងនិទានកុមារ
650 _aKom pol Visal
_vChildren's Stories
700 _aVisal , Seng
_eIllustrator
942 _2ddc
_cKHB
_n0
999 _c9274
_d9274